LEADER 01548nam a2200325 i 4500 001 000000175932 003 CaOOAMICUS 005 20200302155430.0 008 081124s1982 it u000 u ita u 013 $a153417 020 $a88-204-1888-6 040 $aSeMil$bita 100 1 $aKaneklin, Cesare.$0(OLS)http://semarc/name/65539 245 13$aIl colloquio in psicologia clinica e sociale :$bprospettive teoriche e applicative /$cscritti di Cesare Kaneklin ... [et al.] ; a cura di Assunto Quadrio e Valeria Ugazio. 250 $a2. Ed. 260 $aMilano :$bFranco Angeli,$c1982. 300 $a352 p. ;$c22 cm. 500 $aDono di don Romano Martinelli. 650 4$aColloquio - Psicologia clinica.$0(OLS)http://semarc/subject/45891 650 4$aColloquio - Psicologia sociale - Saggi.$0(OLS)http://semarc/subject/33534 700 1 $aUgazio, Valeria <1949->.$0(OLS)http://semarc/name/34471 700 1 $aQuadrio Aristarchi, Assunto.$0(OLS)http://semarc/name/4911 830 0$aCollana di psicologia. Sez. 2, La psicologia oggi ;$v35.$0(OLS)http://semarc/title/26820 850 $aSeMil 852 $aSeMil$W1$xVenegono$y1$m2O III 384$j126754$B126754$CSeMilBibl$Z2$F137477 $81 961 $aOmaggio: Martinelli don Romano 996 $6020$a88-204-1888-6$9(OLS)http://semarc/number/164329 996 $6245$aIl colloquio in psicologia clinica e sociale :$bprospettive teoriche e applicative$9(OLS)http://semarc/title/252402 996 $6260$aMilano :$bFranco Angeli$9(OLS)http://semarc/publisher/30369 LEADER 01310nam a2200277 i 4500 001 000000219938 003 CaOOAMICUS 005 20201222115806.0 008 130418s1976 it u000 u ita u 013 $a198835 040 $aSeMil$bita 100 1 $aHumboldt, Wilhelm : von,$d<1767-1835>.$0(OLS)http://semarc/name/50737 245 10$aWilhelm von Humboldt nella cultura contemporanea /$ca cura di Luigi Heilmann ; contributi di Luigi Marino ... [et al.] ; testi linguistici di Wilhelm von Humboldt. 260 $aBologna :$bIl Mulino,$ccopyr. 1978. 300 $a436 p. ;$c22 cm. 490 0 $aQuaderni della rivista Lingua e stile ;$v1 650 4$aHumboldt, Wilhelm : von <1767-1835>.$0(OLS)http://semarc/subject/40557 700 1 $aMarino, Luigi,$d<1939-2000>.$0(OLS)http://semarc/name/16297 700 1 $aHeilmann, Luigi.$0(OLS)http://semarc/name/16205 830 0$aQuaderni della rivista Lingua e stile ;$v1.$0(OLS)http://semarc/title/20991 850 $aSeMil 852 $aSeMil$W1$xVenegono$y1$m1O III 17$j170295$B170295$CSeMilBibl$Z2$F187398 $81 961 $aLascito: Presbitero, Silvana 996 $6245$aWilhelm von Humboldt nella cultura contemporanea$9(OLS)http://semarc/title/315518 996 $6260$aBologna :$bIl Mulino$9(OLS)http://semarc/publisher/29842